书目信息 |
| 题名: |
物理化学及其在生物体系中的应用
|
|
| 作者: | 张 , Chang 著 ;虞光明 , 陈飘 译 | |
| 分册: | ||
| 出版信息: | 北京 科学出版社 1986 |
|
| 页数: | 440页 | |
| 开本: | 26cm | |
| 丛书名: | ||
| 单 册: | ||
| 中图分类: | Q67 , O64 | |
| 科图分类: | ||
| 主题词: | 物理化学-应用-生物学 , 生物学-物理化学-应用 , 物理化学 , 量子化学 | |
| 电子资源: | ||
| ISBN: | ||
| 000 | 00915nam0 2200325 45 | |
| 001 | 0186010059 | |
| 005 | 20061123164110.93 | |
| 010 | @dCNY6.60 | |
| 091 | @a13031.3166 | |
| 100 | @a19901010d1986 em y0chiy0121 ea | |
| 101 | 1 | @achi@ceng |
| 102 | @aCN@b110000 | |
| 105 | @ay z 000yy | |
| 106 | @ar | |
| 200 | 10 | @a物理化学及其在生物体系中的应用@Awu li hua xue ji qi zai sheng wu ti xizhong de ying yong@f(美)张(Chang,R.)著@g虞光明, 陈飘译 |
| 210 | @a北京@c科学出版社@d1986 | |
| 215 | @a440页@d26cm | |
| 606 | @a物理化学-应用-生物学 | |
| 606 | @a生物学-物理化学-应用 | |
| 606 | 0 | @a物理化学 |
| 606 | 0 | @a量子化学 |
| 690 | @aQ67@v3 | |
| 690 | @aO64@v3 | |
| 701 | 0 | @a张@Azhang@bR.@4著 |
| 701 | A1 | @aChang@bR.@4著 |
| 702 | 0 | @a虞光明@Ayu guang ming@4译 |
| 702 | 0 | @a陈飘@Achen piao@4译 |
| 801 | 0 | @aCN@b深圳图书馆@c20061123 |
| 801 | 2 | @aCN@bNLC@c20040629 |
| 905 | @f1@b160325@dO64@eZ070 | |
| 物理化学及其在生物体系中的应用/(美)张(Chang,R.)著/虞光明, 陈飘译.-北京:科学出版社,1986 |
| 440页;26cm |
| ISBN :CNY6.60 |
| ● |
| 相关链接 |
|
|
|
|
正题名:物理化学及其在生物体系中的应用
索取号:O64/Z070
 
预约/预借
| 序号 | 登录号 | 条形码 | 馆藏地/架位号 | 状态 | 备注 |
| 1 | 0160325 | 001934303 | 第三借阅区/ [索取号:O64/Z070] | 在馆 | |
| 2 | 0160326 | 202104784 | 第二样本阅览室/ [索取号:O64/Z070] | 在馆 |